Music Quiz

Random Music or Billboard Quiz

Superstars' Greatest Hits Quiz Stats

 Plays Quiz Updated Oct 12, 2018

Score 0/45 Timer 14:00
2 Plays Today
Artist Song title % Correct
MadonnaLike A Virgin
68.8%
The Beatles (Group or Solo)Hey Jude (The Beatles)
56.8%
Elvis PresleyDon't Be Cruel / Hound Dog
55.1%
Whitney HoustonI Will Always Love You
54.4%
Michael Jackson and/or Jackson 5Billie Jean (Michael Jackson)
51.6%
Elton JohnCandle In The Wind 1997 / Something About The Way You Look Tonight
51.5%
The Rolling Stones(I Can't Get No) Satisfaction
48.3%
Elvis PresleyJailhouse Rock / Treat Me Nice
43.7%
MadonnaVogue
38.6%
The Beatles (Group or Solo)I Want To Hold Your Hand (The Beatles)
35.5%
Elton JohnCrocodile Rock
32%
Elvis PresleyHeartbreak Hotel
29.9%
Whitney HoustonHeartbreak Hotel
29.9%
Michael Jackson and/or Jackson 5Black Or White (Michael Jackson)
23.5%
Elvis PresleyLove Me Tender
21.9%
The Rolling StonesBrown Sugar
21.1%
Whitney HoustonI Wanna Dance With Somebody (Who Loves Me)
20.3%
The Rolling StonesStart Me Up
19.2%
MadonnaMusic
18.7%
Michael Jackson and/or Jackson 5I'll Be There (Jackson 5)
16.9%
Elton JohnBennie and the Jets
16.1%
Mariah CareyWe Belong Together
12.4%
Whitney HoustonGreatest Love Of All
10.3%
Artist Song title % Correct
Mariah CareyFantasy
10.1%
Michael Jackson and/or Jackson 5Rock With You (Michael Jackson)
9.8%
The Beatles (Group or Solo)Say Say Say (Paul McCartney & Michael Jackson)
9.3%
Michael Jackson and/or Jackson 5Say Say Say (Paul McCartney & Michael Jackson)
9.3%
The Beatles (Group or Solo)Ebony & Ivory (Paul McCartney & Stevie Wonder)
9.2%
Mariah CareyAlways Be My Baby
8.7%
Elton JohnPhiladelphia Freedom
8.4%
Diana Ross and/or The SupremesAin't No Mountain High Enough (Diana Ross)
8.3%
Mariah CareyDreamlover
7.9%
Elton JohnDon't Go Breaking My Heart (Elton John & Kiki Dee)
7.4%
Elvis PresleyAll Shook Up
7.2%
The Rolling StonesMiss You
7.2%
Diana Ross and/or The SupremesUpside Down (Diana Ross)
6.9%
Mariah CareyOne Sweet Day (Mariah Carey & Boyz II Men)
6.5%
Diana Ross and/or The SupremesLove Child (Diana Ross & The Supremes)
6.3%
Diana Ross and/or The SupremesWhere Did Our Love Go (The Supremes)
6.2%
The Beatles (Group or Solo)(Just Like) Starting Over (John Lennon)
5.6%
Diana Ross and/or The SupremesEndless Love (Diana Ross & Lionel Richie)
5.4%
MadonnaTake A Bow
5.3%
The Rolling StonesHonky Tonk Women
4.9%
Whitney HoustonExhale (Shoop Shoop)
2.4%
MadonnaI'll Remember
1.6%

You're not logged in!

Compare scores with friends on all Sporcle quizzes.
OR
Log In

Sporcle TV

Today on Sporcle TV


Watch our educational content, quiz creation guides, and fun videos on Sporcle TV.

Show Comments

Extras

Top Quizzes Today


Score Distribution

Your Account Isn't Verified!

In order to create a playlist on Sporcle, you need to verify the email address you used during registration. Go to your Sporcle Settings to finish the process.

Report this User

Report this user for behavior that violates our Community Guidelines.

Details: